Computable calculus

Αποθηκεύτηκε σε:
Λεπτομέρειες βιβλιογραφικής εγγραφής
Κύριος συγγραφέας: Aberth, Oliver
Μορφή: Βιβλίο
Γλώσσα:English
Δημοσίευση: San Diego : Academic Press,, c2001
Θέματα:
Ετικέτες: Προσθήκη ετικέτας
Δεν υπάρχουν, Καταχωρήστε ετικέτα πρώτοι!

MARC

LEADER 00000nam a2200000 i 4500
001 1/76726
008 050520s2001 eng d
020 |a 0-12-041752-9 
035 |l 10078062 
040 |a GR-MY-UA  |b gre  |e aacr 
041 0 |a eng 
082 0 |a 515.0285  |2 (21) 
100 1 |a Aberth, Oliver. 
245 1 0 |a Computable calculus /  |c Oliver Aberth 
260 |a San Diego :   |b Academic Press,,   |c c2001 
300 |a xiii, 192 σ.;  |c 24 εκ.+  |e 1 οπτική δισκέτα λέϊζερ Η/Υ 4 3/4 ίν. 
504 |a Περιλαμβάνει βιβλιογραφία και ευρετήριο 
650 0 0 |a Calculus  |x Data processing. 
852 |a INST  |b CHIOS  |e 20050520  |h 515.0285 ABE  |p 005200021939  |q 005200021939  |t BK  |y 0 
852 |a INST  |b CHIOS  |e 20050520  |h 515.0285 ABE   |p 005200024937  |q 005200024937  |t BK  |y 0 
901 |a BIBL2-2005-2 
909 |a Χ  |b 112961 
909 |a Χ  |b 119409 
920 |a ΔΙΕΥΡΥΝΣΗ  |b ΕΠΕΑΕΚ-ΤΜΟΔ  |y ΧΙΟΣ  |z 2004-12 
970 |a ΧΑΖΙΡΗ  |b ΑΝΝΑ  |z 2005/05/20